Monitoreo de procesos : análisis de la instrumentación y reconciliación de datos de planta /
Guardado en:
| Otros Autores: | |
|---|---|
| Formato: | Manuscrito |
| Idioma: | Spanish |
| Publicado: |
1996.
|
| Materias: | |
| Etiquetas: |
Agregar Etiqueta
Sin Etiquetas, Sea el primero en etiquetar este registro!
|
| LEADER | 00988ntm a22002295a 4500 | ||
|---|---|---|---|
| 001 | EIQ.libpla003005 | ||
| 008 | 071002s1996####ag#a#####bm###000#0#spa#d | ||
| 005 | 20071002181846.0 | ||
| 245 | 1 | 0 | |a Monitoreo de procesos : |b análisis de la instrumentación y reconciliación de datos de planta / |c Mábel Cristina Sánchez. |
| 260 | |c 1996. | ||
| 300 | |a xiv, 200 p. : |b il., figs., tablas ; |c 21 cm. | ||
| 502 | |a Tesis (doctorado)--Universidad Nacional del Sur. Departamento de Ingeniería Química, 1996. | ||
| 500 | |a Director de tesis: Dr. José A. Romagnoli. | ||
| 504 | |a Incluye referencias bibliográficas. | ||
| 100 | 1 | |a Sánchez, Mabel Cristina. |4 dis | |
| 710 | 2 | |a Universidad Nacional del Sur (UNS). |b Dto. de Ingeniería Química |4 dgg. | |
| 650 | 4 | |a Procesos |x Tesis. | |
| 650 | 4 | |a Procesos |x Fábrica de productos químicos. | |
| 650 | 4 | |a Processes |x Thesis. | |
| 650 | 4 | |a Processes |x Chemical plants. | |
| 040 | |a AR-BbSID |b spa |c AR-BbSID | ||
| 859 | |a AR-BbSID |b BIB. PLAPIQUI |h 660.281 |i Sa 51 |p 4501 | ||
